MEAT SCIENCE : (Registro nro. 54498)
[ vista simple ]
| 000 -LEADER | |
|---|---|
| fixed length control field | 00745nam a2200193 a 4500 |
| 001 - CONTROL NUMBER | |
| control field | 54498 |
| 005 - DATE AND TIME OF LATEST TRANSACTION | |
| control field | 20180714045344.0 |
| 008 - FIXED-LENGTH DATA ELEMENTS--GENERAL INFORMATION | |
| fixed length control field | 140415s2010 ii 000 0 eng d |
| 020 ## - INTERNATIONAL STANDARD BOOK NUMBER | |
| International Standard Book Number | 9781845935931 |
| 041 ## - LANGUAGE CODE | |
| Language code of text/sound track or separate title | eng |
| 082 ## - DEWEY DECIMAL CLASSIFICATION NUMBER | |
| Classification number | 664.9 |
| Item number | WAR |
| 100 1# - MAIN ENTRY--PERSONAL NAME | |
| Personal name | WARRISS, PAUL D. |
| 245 10 - TITLE STATEMENT | |
| Title | MEAT SCIENCE : |
| Remainder of title | AN INTRODUCTION TEXT |
| 250 ## - EDITION STATEMENT | |
| Edition statement | 1a ed. |
| 260 ## - PUBLICATION, DISTRIBUTION, ETC. | |
| Place of publication, distribution, etc. | INDIA : |
| Name of publisher, distributor, etc. | CAMBRIDGE UNIEVERSITY-PRESS, |
| Date of publication, distribution, etc. | 2010 |
| 300 ## - PHYSICAL DESCRIPTION | |
| Extent | 234 |
| Dimensions | 18.8 x 1.5 x 24.4 |
| 520 ## - SUMMARY, ETC. | |
| Summary, etc. | OUTLINING THE CORE PRINCIPLES OF THE SUBJECT, THIS INTRODUCTORY-LEVEL TEXTBOOK COVERS THE PRODUCTION OF MEAT, ITS STRUCTURE AND CHEICAL COMPOSITION, MEAT QUALITY AND HYGIENE, AND ANIMAL WELFARE, HANDING AND SLAUGHTER. |
| 650 14 - SUBJECT ADDED ENTRY--TOPICAL TERM | |
| Topical term or geographic name entry element | CARNE |
| General subdivision | ALIMENTOS DE ORIGEN ANIMAL |
| Withdrawn status | Lost status | Source of classification or shelving scheme | Damaged status | Not for loan | Collection code | Home library | Current library | Shelving location | Date acquired | Source of acquisition | Inventory number | Total Checkouts | Full call number | Barcode | Date last seen | Price effective from | Koha item type |
|---|---|---|---|---|---|---|---|---|---|---|---|---|---|---|---|---|---|
| Dewey Decimal Classification | General | Biblioteca Karol Wojtyla | Biblioteca Karol Wojtyla | Sala general | 03/12/2013 | Compra | 151000000000000000030969 | 664.9 WAR | 81595 | 05/01/2026 | 03/12/2013 | Libro | |||||
| Dewey Decimal Classification | General | Biblioteca Karol Wojtyla | Biblioteca Karol Wojtyla | Sala general | 03/12/2013 | Compra | 151000000000000000030967 | 664.9 WAR | 81593 | 05/01/2026 | 03/12/2013 | Libro | |||||
| Dewey Decimal Classification | General | Biblioteca Karol Wojtyla | Biblioteca Karol Wojtyla | Sala general | 03/12/2013 | Compra | 151000000000000000030968 | 664.9 WAR | 81594 | 05/01/2026 | 03/12/2013 | Libro |